Quizzes
Events
Quiz Creation
Community
Videos
Private Events
Remove Ads
Sign In
Join for FREE
Feedback
Dark Mode
Quiz Categories
Sports
Geography
Music
Movies
Television
Just For Fun
Miscellaneous
History
Literature
Language
Science
Gaming
Entertainment
Religion
Holiday
For Kids
Quiz Lab
Recent
Popular Today
Quiz Kudos Today
Editor Picks
Curator Picks
Quizzes by...
Day
Popularity
Type
Ratings
Length
Year
Community
Subscriptions
Recent Discussions
Orange Saloon
Badges
Playlists
Quests
Create
Leaderboards
Showdown
Live 5
Trivia Bingo
Activity
Puzzle Library
Sporcle Events
Private Events
Virtual Trivia
Globe League
Become a Host
Pub Owners
SporcleCon
Opinionation
Our Games
Videos
Blog
Mobile Apps
Partnerships
Remove Ads and Go Orange
Feedback
Gaming
Video Games
Board Games
Card Games
Pokémon
Mario
Nintendo
Minecraft
Console
Toys
Legend of Zelda
Gaming
Video Games
Board Games
Card Games
Pokémon
Mario
Nintendo
Minecraft
Console
Toys
Legend of Zelda
Random Quiz
Search Sporcle
×
Quiz Lab
Quiz Lab
Gaming
Percentage
Type in answers that appear in a list
Type in answers that appear in a list
Classic
Best Score? Go Orange.
GTA 3 Percentage rewarding things Stats
Can you name the GTA 3 Percentage rewarding things
By
LotsOfS
20m
154 Questions
98 Plays
98 Plays
98 Plays
Comments
Comments
Give Quiz Kudos
Give Quiz Kudos
-
- Ratings
hide this ad
Replay
Link that replays current quiz
Next Quiz
Link to next quiz in quiz playlist
You Got
0%
They Got
Avg Score
35%
Avg Friend Score
Upgrade to see
Score Distribution
Jump to the score distribution portion of the page
Score
0/154
Timer
20:00
0
Plays Today
Hint
Answer
% Correct
Police
68.4%
Taxi
66.3%
Ambulance
64.3%
Patriot
58.2%
Good
Luigi's Girls
56.1%
Luck
Don't Spank Ma Bitch Up
55.1%
Firetruck
55.1%
Guessing
Drive Misty For Me
51%
Phrasing
The Fuzz Ball
51%
Of
Mike Lips Last Lunch
50%
Sentinel
50%
Rampages
49%
The
Pump Action Pimp
48%
Of
Van Heist
48%
The Exchange
48%
Rhino
48%
Bobcat
48%
Dodo
48%
Cheetah
48%
Infernus
48%
Pony
46.9%
Rumpo
46.9%
FBI Car
45.9%
Banshee
45.9%
Cabbie
44.9%
Some
Farewell Chunky Lee Chong
43.9%
Grand Theft Auto
43.9%
Stinger
43.9%
Last Requests
42.9%
Sayonara Salvatore
42.9%
Grand Theft Aero
42.9%
Patriot Playground
42.9%
Enforcer
42.9%
Blista
42.9%
Esperanto
42.9%
Lmao
The Getaway
41.8%
Cutting The Grass
41.8%
Barracks OL
41.8%
Bus
41.8%
Flatbed
41.8%
Moonbeam
41.8%
Mule
41.8%
Kuruma
41.8%
Firefighter
41.8%
Decoy
40.8%
S.A.M.
40.8%
Turismo
40.8%
Coach
40.8%
Linerunner
40.8%
Salvatore's Called A Meeting
39.8%
Bomb Da Base: Act I
39.8%
Bomb Da Base: Act II
39.8%
Hint
Answer
% Correct
Espresso-2-go!
39.8%
I Scream, You Scream
39.8%
Mr Whoopee
39.8%
Securicar
39.8%
Yankee
39.8%
Stallion
39.8%
The Pickup
38.8%
Blow Fish
38.8%
Chaperone
38.8%
A Drop In The Ocean
38.8%
Bait
38.8%
The Wife
38.8%
Her Lover
38.8%
Trashmaster
38.8%
Idaho
38.8%
These
Cipriani's Chauffeur
37.8%
Taking Out The Laundry
37.8%
Triads And Tribulations
37.8%
Under Surveillance
37.8%
Waka-Gashira Wipeout
37.8%
Landstalker
37.8%
Manana
37.8%
Uzi Rider
36.7%
Gangcar Roundup
36.7%
Kingdom Come
36.7%
Gripped!
36.7%
Objectives
Dead Skunk In The Trunk
35.7%
Shima
35.7%
marked Man
35.7%
The Thieves
35.7%
Stretch
35.7%
Payday For Ray
34.7%
Kanbu Bust Out
34.7%
Evidence Dash
34.7%
Liberator
34.7%
The Crook
34.7%
Trial By Fire
34.7%
Big N Veiny
34.7%
perennial
34.7%
10 Hidden Packages
34.7%
Two-Faced Tanner
33.7%
A Ride In The Park
33.7%
Gone Fishing
32.7%
Plaster Blaster
32.7%
BF Injection
32.7%
Paparazzi Purge
31.6%
Silence The Sneak
31.6%
Escort Service
31.6%
Uzi Money
31.6%
Rigged To Blow
31.6%
Multistorey Mayhem
31.6%
20 Hidden Packages
31.6%
Hint
Answer
% Correct
30 Hidden Packages
31.6%
100 Hidden Packages
31.6%
Smack Down
30.6%
Arms Shortage
30.6%
Mafia Massacre
30.6%
Taxi Driver
30.6%
Bling Bling Scramble
28.6%
Bullion Run
28.6%
Rumble
28.6%
Deal Steal
27.6%
Toyminator
27.6%
40 Hidden Packages
27.6%
50 Hidden Packages
27.6%
60 Hidden Packages
27.6%
Paramedic level 12
26.5%
Unique Stunt Jump 1
26.5%
70 Hidden Packages
26.5%
Diablo Destruction
25.5%
Unique Stunt Jump 2
25.5%
Unique Stunt Jump 3
25.5%
80 Hidden Packages
25.5%
90 Hidden Packages
25.5%
Unique Stunt Jump 4
24.5%
Unique Stunt Jump 5
24.5%
Unique Stunt Jump 6
24.5%
Unique Stunt Jump 7
24.5%
Unique Stunt Jump 8
24.5%
Rumpo Rampage
23.5%
Casino Calamity
22.4%
Unique Stunt Jump 9
22.4%
Unique Stunt Jump 10
22.4%
Unique Stunt Jump 11
22.4%
Unique Stunt Jump 12
22.4%
Unique Stunt Jump 13
20.4%
Unique Stunt Jump 14
20.4%
Unique Stunt Jump 15
20.4%
Unique Stunt Jump 16
20.4%
Unique Stunt Jump 17
20.4%
Unique Stunt Jump 18
20.4%
Unique Stunt Jump 19
20.4%
Unique Stunt Jump 20
20.4%
Paramedic 36 patients
15.3%
Paramedic 78 patients
14.3%
Vigilante Portland Bribe Star 1
13.3%
Vigilante Portland Bribe Star 2
13.3%
Love's Disapperance
11.2%
Vigilante Staunton Island Bribe Star 1
9.2%
Vigilante Staunton Island Bribe Star 2
9.2%
Vigilante Shoreside Vale Bribe Star 1
7.1%
Vigilante Shoreside Vale Bribe Star 2
7.1%
Quiz Playlist
Details
Report
Send in Message
Add To Playlist
Classic:
Type in answers that appear in a list
Last Updated: Feb 16, 2017
Quiz Scoreboard
CHALLENGE
Sign Up to Join the Scoreboard
Show All
Scores
Hide
Comments
May contain spoilers
Recently Published
College Basketball Coaching Resumes
by pancakes188
Sports
9m
Billboard Blitz: Fleetwood Mac
by CooCooCachoo
Music
15s
Presidents Visiting Landmarks
by Hejman
History
7m
More to Explore
Quiz From the Vault
Featured Blog Post
Where Did the Easter Bunny Come From?
hide this ad
You Might Also Like...
Tags
GTA
Percentage
Today's Top Quizzes in Gaming
Browse Gaming
hide this ad
Today's Top Quizzes in Percentage
Browse Percentage
Top Contributed Quizzes in Gaming
1
5-to-1: Consoles
2
7-to-1: Board Game Piece Blitz
3
5-to-1: Legend of Zelda
4
Destiny 2 exotic weapons by perk icons
5
League of Legends Pro Players by Career/Team History
6
Ultimate Genshin Impact Logic Puzzle (up to 4.3)
7
Franchise by Action Figure
8
Who's on the WWE 2K24 Cover?
9
Genshin Impact Logic Puzzle Quiz
10
Overwatch Logic Puzzle
Explore More
Trending Topics
Disney
NBA
Harry Potter
Kpop
Crossword
Anime
Marvel
WWE
Pokémon
Country
Soccer
The Office
NFL
Puzzle
Song
hide this ad
More By:
LotsOfS
Quiz
Plays
Rating
Category
Featured
Created
GTA Vice City vehicles
436
Gaming
Apr 14, 2014
GTA San Andreas Percentage Rewarding Things
238
1.14
Gaming
Apr 15, 2014
San Andreas Vehicles
233
3.67
Gaming
Apr 14, 2014
GTA 3 Percentage rewarding things
98
3.00
Gaming
Apr 14, 2014
GTA Vice City Percentage rewarding things
74
1.00
Gaming
Apr 14, 2014
Go to Creator's Profile
Score Distribution
Quiz Creator Spotlight
LotsOfS
Follow
Send a Message
Quizzes Created
-
Created Quiz Play Count
-
More By This Creator
Popular Quizzes Today
1
Find the US States - No Outlines Minefield
2
Find the Countries of Europe - No Outlines Minefield
3
The Countries of the World
4
Find the US States
5
Risky Map Clicking: Biggest States A-Z
6
US States
7
Popular People in 1961
8
Movies - When Are They Set?
More Gaming Quizzes
Click a Gen. 7 Pokemon that... (II)
Quiz Lab
Trending Quizzes
Risky Map Clicking: Least Populous States A-Z
1-10 Letter G Words
1-10 Letter F Words
Risky Map Clicking: Next State Alphabetically
Risky Map Clicking: Biggest States A-Z
Recently Updated
Leaping Animals
pecheneg
Reality TV Shows (A-Z)
bhenderson79
Rickey Henderson's Hall of Fame Teammates
pecheneg
Champions League XIs: Arsenal
pecheneg
Quick Pick: Celebrities in WWE's Hall of Fame
aduchscher
A-Z Keypad Blitz II
pecheneg
Multiple Oscar Actors
pecheneg
Mystery Phrase Blitz: Oscar 'Best Actors'
pecheneg
F. Scott Fitzgerald Novels
LTH
Pick 3 Villains
ddd62291
Trending Topics
Crossword
Marvel
Anime
Harry Potter
Kpop
NBA
Disney
WWE
Soccer
The Office
Country
Pokémon
Song
NFL
Puzzle
Your Account Isn't Verified!
In order to create a playlist on Sporcle, you need to verify the email address you used during registration. Go to your
Sporcle Settings
to finish the process.
Report this User
Report this user for behavior that violates our
Community Guidelines
.
Details:
Send Report
Go to the Sporcle.com Mobile Site →
Comments